Statistiques concernant Drapeaux en 30 secondes #8

Cliquez ici pour prendre le quiz!

Statistiques générales

  • Ce quiz a été pris 170 fois
  • Le résultat moyen est 8 sur 15

Statistiques - réponses

HintRéponse% Correct
Côte d'ivoire🇨🇮
60%
Cameroun🇨🇲
58%
Lesotho🇱🇸
58%
Mali🇲🇱
56%
Togo🇹🇬
56%
Burkina faso🇧🇫
55%
Sénégal🇸🇳
53%
Gabon🇬🇦
53%
Ghana🇬🇭
52%
République du congo🇨🇬
52%
Madagascar🇲🇬
49%
Niger🇳🇪
49%
Zambie🇿🇲
46%
Mozambique🇲🇿
45%
Bénin🇧🇯
37%

Distribution des résultats

Percentile par nombre de réponses

% des personnes avec chaque résultat

Votre développement - résultats

Vous n’avez pas pris ce quiz